Fussballer A-Z - Statistiken

Allgemein
  • Dieses Quiz wurde 71 mal gespielt
  • Das Durchschnittsergebnis liegt bei 11 aus 26
Antwortstatistiken
Hint Antwort % Korrekt
B - Ikonische Jubel "Why always me" und gegen Deutschland bei der EM 2012 Mario Balotelli
82%
R - Französische FC Bayern Ikone mit Narbe im Gesicht Franck Ribery
75%
K - letzter Weltfussballer vor der Ronaldo/Messi Ära Kaka
71%
W - langjähriger Stammtorwart bei Bremen, der nach seiner Karriere im Wrestling aktiv war Tim Wiese
69%
M - Weltmeister 2014, der sich gerne in die Eistonne legt Per Mertesacker
65%
X - Arsenal Legende und Double-Sieger mit Leverkusen Granit Xhaka
64%
F - Ehemaliger belgischer Nationalspieler, der vor allem für seinen Afro bekannt war Marouane Fellaini
58%
Q - bekannt für seine Trivela-Schüsse und wurde 2016 Europameister Ricardo Quaresma
58%
G - War bekannt für seinen aggresiven Spielstil und wurde 2x Champions League Sieger + 1x Weltmeister Gennaro Gattuso
47%
L - Erfolgreichster finnischer Fussballer aller Zeiten Jari Litmanen
47%
Z - über 336 Bundesliga-Einsatze für Leverkusen, Bayern München und Hamburg Ze Roberto
47%
J - Spielte für die Nationalmannschaft der USA und Deutschland Jermaine Jones
45%
C - Wurde für einen Kung-Fu Tritt 9 Monate gesperrt Eric Cantona
44%
Y - über 100 Länderspiele für die Ukraine und kurzer Stop beim BVB Andrij Yarmolenko
36%
H - Kostete über 100 Millionen und wurde schnell von Englands Spieler des Jahres zum Transferflop Eden Hazard
36%
U - 9x Deutscher Meister und nicht der größte Fan von Simon Rolfes Sven Ulreich
35%
I - ehemaliger Atalanta Bergamo Star, der in Folge von Corona an einer langen Depression leidete Josip Iličić
29%
V - 2x Copa América Sieger und als "der Krieger" bekannt Arturo Vidal
27%
E - Spielte für Bremen und Hamburg und wurde 2010 Vize-Weltmeister Eljero Elia
27%
N - wurde 2x Englischer Meister mit ManCity und hörte nach einer Dopingsperre auf Samir Nasri
27%
P - Vereinslegende des 1. FC Nürnberg und Pokalsieger 2007 Javier Pinola
25%
O - ehemaliger italienischer Nationalspieler, der bei West Ham "the Wall" genannt wurde Angelo Ogbonna
22%
S - Spielte beim HSV, Leverkusen und Schalke und erzielte November 2010 das Tor des Monats Sidney Sam
18%
A - Europameister und Champions League Sieger 2000 & beendete seine Karriere in Indien Nicolas Anelka
13%
T - VFB Stuttgart Legende & langjähriger Kapitän und war Teil des 2007 Meisterschaftskaders Serdar Tasci
11%
D - Dreifacher Schweizer Meister & absolute FIFA Kult Ultimate Team Karte (Fifa 15) Seydou Doumbia
11%
Keine übereinstimmenden Quizze gefunden
Verteilung der Resultate
Anzahl Personen mit jedem Resultat
Perzentil nach korrekt beantworteten Fragen
Ihre Resultats-Entwicklung
Sie haben dieses Quiz noch nicht gespielt